[Event "WchT Blitz Pool B"]
[Site "London"]
[Date "2025.06.14"]
[Round "11.1"]
[White "Gallana, Marco"]
[Black "Sevian, Samuel"]
[Result "0-1"]
[WhiteElo "2215"]
[BlackElo "2687"]
[PlyCount "71"]
[EventDate "2025.06.14"]
[EventType "team-tourn"]
[EventRounds "13"]
[EventCountry "ENG"]
[SourceTitle "CB25_2025"]
[SourceDate "2025.06.18"]
[SourceVersion "1"]
[SourceVersionDate "2025.06.18"]
[SourceQuality "1"]
[WhiteTeam "Hammersmith"]
[BlackTeam "Freedom"]
[WhiteTeamCountry "ENG"]
[BlackTeamCountry "IND"]

1. Nf3 Nf6 2. c4 b6 3. Nc3 Bb7 4. d4 g6 5. g3 Bg7 6. Bg2 0-0 7. 0-0 Ne4 8. Qc2 Nxc3 9. bxc3 d6 10. e4 Nc6 11. Re1 Na5 12. c5 dxc5 13. d5 c6 14. Bg5 h6 15. dxc6 Nxc6 16. Bf4 Qc8 17. Rad1 Rd8 18. h4 Qe6 19. Kh2 Rxd1 20. Rxd1 Qc4 21. Rd7 Ba6 22. e5 Rc8 23. Qd2 Qe2 24. Bxh6 Qxd2 25. Bxd2 Bc4 26. Ng5 Nxe5 27. Rxa7 Rd8 28. Ra8 Rxa8 29. Bxa8 Bxa2 30. Kg2 e6 31. Ne4 Bd5 32. Bxd5 exd5 33. Nd6 Kf8 34. Bf4 Nd3 35. Bd2 Be5 36. Nc8 0-1

[Event "WchT Rapid"]
[Site "London"]
[Date "2025.06.12"]
[Round "6.2"]
[White "Svane, Rasmus"]
[Black "Sevian, Samuel"]
[Result "1/2-1/2"]
[WhiteElo "2616"]
[BlackElo "2636"]
[PlyCount "51"]
[EventDate "2025.06.11"]
[EventType "team-swiss"]
[EventRounds "12"]
[EventCountry "ENG"]
[SourceTitle "CB25_2025"]
[SourceDate "2025.06.18"]
[SourceVersion "1"]
[SourceVersionDate "2025.06.18"]
[SourceQuality "1"]
[WhiteTeam "Germany and Friends"]
[BlackTeam "Freedom"]
[WhiteTeamCountry "GER"]
[BlackTeamCountry "IND"]

1. Nf3 Nf6 2. d4 d5 3. c4 e6 4. Nc3 Bb4 5. Bg5 h6 6. Bxf6 Qxf6 7. Qa4+ Nc6 8. e3 0-0 9. Be2 dxc4 10. Bxc4 e5 11. 0-0 exd4 12. Nd5 Qd6 13. Nxd4 Nxd4 14. Qxb4 Qxb4 15. Nxb4 Ne6 16. Rfd1 Re8 17. Rac1 c6 18. a3 Kf8 19. f3 Nc7 20. Kf2 Be6 21. Bxe6 Nxe6 22. Rd7 a5 23. Nd3 Rad8 24. Rxd8 Rxd8 25. Ke2 Rd5 26. e4 1/2-1/2

[Event "Jermuk Avagyan Memorial"]
[Site "Jermuk"]
[Date "2025.06.04"]
[Round "7"]
[White "Sevian, Samuel"]
[Black "Xu, Xiangyu"]
[Result "1/2-1/2"]
[WhiteElo "2694"]
[BlackElo "2623"]
[PlyCount "22"]
[EventDate "2025.05.29"]
[EventType "tourn"]
[EventRounds "9"]
[EventCountry "ARM"]
[EventCategory "17"]
[SourceTitle "CB24_2025"]
[SourceDate "2025.06.11"]
[SourceVersion "1"]
[SourceVersionDate "2025.06.11"]
[SourceQuality "1"]

1. e4 e6 2. d4 d5 3. Nc3 dxe4 4. Nxe4 Nd7 5. Nf3 Ngf6 6. Nxf6+ Nxf6 7. Be3 Bd7 8. Ne5 Ba4 9. a3 Nd7 10. Nd3 Bd6 11. Be2 e5 1/2-1/2

[Event "Jermuk Avagyan Memorial"]
[Site "Jermuk"]
[Date "2025.05.30"]
[Round "2"]
[White "Hakobyan, Aram"]
[Black "Sevian, Samuel"]
[Result "1/2-1/2"]
[WhiteElo "2620"]
[BlackElo "2694"]
[PlyCount "186"]
[EventDate "2025.05.29"]
[EventType "tourn"]
[EventRounds "9"]
[EventCountry "ARM"]
[EventCategory "17"]
[SourceTitle "CB24_2025"]
[SourceDate "2025.06.11"]
[SourceVersion "1"]
[SourceVersionDate "2025.06.11"]
[SourceQuality "1"]

1. e4 c5 2. Nf3 Nc6 3. Bb5 e6 4. c3 d5 5. d3 Bd7 6. 0-0 Bd6 7. exd5 exd5 8. c4 Nge7 9. Nc3 0-0 10. cxd5 Nd4 11. Bxd7 Qxd7 12. Be3 Ndf5 13. Re1 Rac8 14. Qb3 h6 15. Re2 Ng6 16. Ne4 b6 17. Rae1 Rfd8 18. Nxd6 Qxd6 19. Bd2 Kh7 20. Qc4 Qxd5 21. Bc3 Qd7 22. Ne5 Nxe5 23. Rxe5 f6 24. Re6 Qxd3 25. Qg4 Rc7 26. h4 Nd4 27. Re7 Rxe7 28. Rxe7 Nf5 29. Re1 Qd7 30. h5 Kh8 31. b4 Qd3 32. Qg6 Qd7 33. bxc5 bxc5 34. Ba5 Rf8 35. Qg4 Qd5 36. Bc3 Qd3 37. Rd1 Qxc3 38. Qxf5 Re8 39. Rd7 Qe1+ 40. Kh2 Qe5+ 41. Qxe5 Rxe5 42. Rxa7 Rxh5+ 43. Kg3 c4 44. Rc7 Ra5 45. Rxc4 Rxa2 46. Kf3 Ra3+ 47. Kf4 h5 48. Rc5 Ra4+ 49. Kg3 Rg4+ 50. Kf3 Rg5 51. Rc4 Rf5+ 52. Kg3 Kh7 53. f3 Ra5 54. Rc7 Kh6 55. Kh3 g5 56. Rc8 Ra1 57. Kh2 Rf1 58. Rc6 Kg6 59. Rc5 Re1 60. Ra5 Re5 61. Ra4 Re3 62. Rb4 Ra3 63. Rc4 h4 64. Rc6 Kf7 65. Rb6 Re3 66. Ra6 f5 67. Rh6 Kg7 68. Rh5 Kg6 69. Rh8 Re2 70. Rg8+ Kh6 71. Rf8 Re5 72. Rh8+ Kg7 73. Ra8 Re6 74. Rb8 Kf6 75. Rb5 Rd6 76. Ra5 Ke6 77. Kh3 Rd1 78. Kh2 Rd5 79. Ra8 Ke5 80. Ra4 Rd4 81. Ra5+ Kf4 82. Ra8 Rd1 83. Rh8 Rd2 84. Rg8 Rd7 85. Rh8 Rd2 86. Rg8 Re2 87. Rh8 Re6 88. Rh7 Re8 89. Rh6 Rg8 90. Rh7 Rg6 91. Rh8 Rc6 92. Rh7 Rc2 93. Rh8 Rd2 1/2-1/2

[Event "Chess.com Classic Play In"]
[Site "Chess.com INT"]
[Date "2025.05.19"]
[Round "6"]
[White "Kaidanov, Gregory S"]
[Black "Sevian, Samuel"]
[Result "0-1"]
[WhiteElo "2505"]
[BlackElo "2694"]
[PlyCount "92"]
[EventDate "2025.05.19"]
[EventType "swiss (blitz)"]
[EventRounds "9"]
[EventCountry "USA"]
[SourceTitle "CB21_2025"]
[SourceDate "2025.05.21"]
[SourceVersion "1"]
[SourceVersionDate "2025.05.21"]
[SourceQuality "1"]

1. Nf3 g6 2. e4 Bg7 3. d4 d6 4. c4 Nd7 5. Nc3 e5 6. Be2 Ne7 7. h4 exd4 8. Nxd4 Nc6 9. Be3 h5 10. Qd2 Nde5 11. 0-0-0 0-0 12. Kb1 a5 13. Nd5 a4 14. Nb5 Na5 15. Rc1 c6 16. Bb6 Naxc4 17. Bxc4 Nxc4 18. Rxc4 Qd7 19. Nbc7 cxd5 20. Qxd5 Qg4 21. Rc2 Be6 22. f3 Bxd5 23. fxg4 Bxe4 24. Nxa8 Rxa8 25. Re1 Bxc2+ 26. Kxc2 Rc8+ 27. Kb1 Rc4 28. gxh5 Rb4 29. Re8+ Kh7 30. hxg6+ Kxg6 31. h5+ Kxh5 32. Rg8 Rxb2+ 33. Kc1 Rxg2 34. Kd1 Kg6 35. a3 Rg3 36. Kc2 Rxa3 37. Bd4 f6 38. Rd8 b5 39. Rxd6 Rb3 40. Ra6 Kf5 41. Bb2 Rb4 42. Bc3 Rc4 43. Kd3 Rc5 44. Kd4 Re5 45. Rd6 Bf8 46. Rd7 b4 0-1

[Event "Titled Tuesday intern op 01st Apr Late"]
[Site "Chess.com INT"]
[Date "2025.04.01"]
[Round "6"]
[White "Gharibyan, Mamikon"]
[Black "Sevian, Samuel"]
[Result "0-1"]
[WhiteElo "2472"]
[BlackElo "2694"]
[PlyCount "74"]
[EventDate "2025.04.01"]
[EventType "swiss (blitz)"]
[EventRounds "11"]
[EventCountry "USA"]
[SourceTitle "CB21_2025"]
[SourceDate "2025.05.21"]
[SourceVersion "1"]
[SourceVersionDate "2025.05.21"]
[SourceQuality "1"]

1. e4 e5 2. Nf3 Nc6 3. Bb5 a6 4. Ba4 Nf6 5. d3 b5 6. Bb3 Bc5 7. c3 d6 8. Bg5 h6 9. Bh4 g5 10. Bg3 Bb6 11. a4 Rb8 12. axb5 axb5 13. Na3 Bd7 14. Nxb5 Nh5 15. Na3 Qf6 16. Nc4 Bc5 17. d4 Nxg3 18. hxg3 exd4 19. 0-0 0-0 20. Ba4 dxc3 21. bxc3 Qxc3 22. Rc1 Qb4 23. e5 Nxe5 24. Nfxe5 Bxa4 25. Qh5 dxe5 26. Qxh6 Be7 27. Rfe1 Bc2 28. Nxe5 Rb6 29. Nc6 Rxc6 30. Qxc6 Bg6 31. Qxc7 Bf6 32. Red1 Kg7 33. Qc6 Rh8 34. Rc4 Qb3 35. Rdc1 Qd3 36. Qb6 Be4 37. Re1 Qxc4 0-1

[Event "American Cup Blitz"]
[Site "Saint Louis"]
[Date "2025.03.24"]
[Round "9"]
[White "Aronian, Levon"]
[Black "Sevian, Samuel"]
[Result "1-0"]
[WhiteElo "2748"]
[BlackElo "2692"]
[PlyCount "93"]
[EventDate "2025.03.24"]
[EventType "swiss (blitz)"]
[EventRounds "9"]
[EventCountry "USA"]
[SourceTitle "CB14_2025"]
[SourceDate "2024.11.01"]
[SourceVersion "1"]
[SourceVersionDate "2024.11.01"]
[SourceQuality "1"]

1. c4 e5 2. Nc3 Nf6 3. Nf3 Nc6 4. e4 Bb4 5. d3 d6 6. Be2 0-0 7. 0-0 Bc5 8. h3 a5 9. Be3 Re8 10. Qd2 h6 11. Rae1 Bd7 12. Bd1 Nd4 13. a3 Nxf3+ 14. Bxf3 Be6 15. Bd1 c6 16. f4 exf4 17. Rxf4 Bxe3+ 18. Qxe3 Nh7 19. Ref1 Qg5 20. Kh2 Nf8 21. Qf2 Ng6 22. Rf3 Rad8 23. Rg3 Qh4 24. Qb6 Rd7 25. Qxa5 Ne5 26. Qb6 Kh8 27. Qf2 Rf8 28. Re3 Qxf2 29. Rxf2 c5 30. Rd2 Rdd8 31. Ba4 f5 32. exf5 Bxf5 33. Bb5 Be6 34. b3 Bg8 35. d4 Ng6 36. Ne4 d5 37. Nxc5 b6 38. Ne6 Bxe6 39. Rxe6 Nf4 40. Rxb6 dxc4 41. bxc4 Rf5 42. d5 Kg8 43. a4 Re5 44. a5 Ra8 45. a6 Nh5 46. Bc6 Rf8 47. a7 1-0